00389nam a2200145 a 4500020001800000082001500018100001800033245003500051260004200086300001100128500003500139505002100174650002100195650002700216 a0830815 00a220.3bRYK aRyken, Leland aDictionary of Biblical Imagery aLeicesterbInter Varsity Press c1998 a1058p. aincludes index and biblioraphy2 aScripture Index. aDictionary-Bible aSymbolism in the BIBLE